00769nam a2200145Ia 4500008004100000020001800041050001600059100003400075245005400109260003100163300004800194500003800242505030000280650004300580120626s2017 mx a 000 0 spa d a978968184214714a HD37 bR491 aReyes Ponce, Agustíneautor10aAdministración Modernac/ Agustín Reyes Ponce aMéxicob: Limusac, 2017 ax, 480 páginasb: ilustracionesc; 23 cm. aIncluye Apéndices (pp.467-480). aElementos de la Administración Especies y relaciones de la administración Bosquejo histórico de la administración Escuelas de la Administración Científica La empresa La previsión La planeación La organización La integración Concepto e importancia de la dirección El control10aADMINISTRACION - ESTUDIO Y ENSEÑANZA